书目信息 |
| 题名: |
凸分析及应用捷径
|
|
| 作者: | 莫尔杜霍维奇 , 阮茂南 著 ;赵亚莉 , 王炳武 译 | |
| 分册: | ||
| 出版信息: | 北京 科学出版社 2015.9 |
|
| 页数: | 179页 | |
| 开本: | 24cm | |
| 丛书名: | 现代数学译丛 | |
| 单 册: | ||
| 中图分类: | O174.13 | |
| 科图分类: | ||
| 主题词: | 凸分析 | |
| 电子资源: | ||
| ISBN: | 978-7-03-045654-0 | |
| 000 | 01364nam 2200313 450 | |
| 001 | 0400003713 | |
| 005 | 20171022125023.0 | |
| 010 | @a978-7-03-045654-0@dCNY78.00 | |
| 100 | @a20151126e2015 em y0chiy0110 ea | |
| 101 | 1 | @achi@ceng |
| 102 | @aCN@b110000 | |
| 105 | @ay z 001yy | |
| 106 | @ar | |
| 200 | 1 | @a凸分析及应用捷径@9tu fen xi ji ying yong jie jing@f(美)Boris S. Mordukhovich,(美)Nguyen Mau Nam著@g赵亚莉,王炳武译 |
| 210 | @a北京@c科学出版社@d2015.9 | |
| 215 | @a179页@d24cm | |
| 225 | 2 | @a现代数学译丛@v27 |
| 312 | @a书名原文:An easy path to convex analysis and application | |
| 330 | @a本书提供一个容易进入到凸分析及其在最优化中的应用的最基础部分。变分分析的现代技术被利用来阐明和简化凸分析中的一些基本证明,并且在有限维空间中建立了凸函数和凸集的广义微分理论。还给出了凸分析在选址问题以及许多令人感兴趣的几何问题,比如Fermat-Torricelli问题、Heron问题、Sylvester问题及其推广中的新应用。 | |
| 461 | 0 | @12001 @a现代数学译丛 |
| 510 | 1 | @aEasy path to convex analysis and application@zeng |
| 606 | 0 | @a凸分析 |
| 690 | @aO174.13@v5 | |
| 701 | 0 | @c(美)@a莫尔杜霍维奇@9mo er du huo wei qi@c(Mordukhovich, Boris S.)@4著 |
| 701 | 0 | @c(美)@a阮茂南@9ruan mao nan@c(Nam, Nguyen Mau)@4著 |
| 702 | 0 | @a赵亚莉@9zhao ya li@4译 |
| 702 | 0 | @a王炳武@9wang bing wu@4译 |
| 801 | 0 | @aCN@b91MARC@c20171022 |
| 905 | @b1023005-9@dO174.13@f5@e224 | |
| 凸分析及应用捷径/(美)Boris S. Mordukhovich,(美)Nguyen Mau Nam著/赵亚莉,王炳武译.-北京:科学出版社,2015.9 |
| 179页;24cm.-(现代数学译丛;27) |
| ISBN 978-7-03-045654-0:CNY78.00 |
| 本书提供一个容易进入到凸分析及其在最优化中的应用的最基础部分。变分分析的现代技术被利用来阐明和简化凸分析中的一些基本证明,并且在有限维空间中建立了凸函数和凸集的广义微分理论。还给出了凸分析在选址问题以及许多令人感兴趣的几何问题,比如Fermat-Torricelli问题、Heron问题、Sylvester问题及其推广中的新应用。 |
| ● |
| 相关链接 |
|
|
|
|
正题名:凸分析及应用捷径
索取号:O174.13/224
 
预约/预借
| 序号 | 登录号 | 条形码 | 馆藏地/架位号 | 状态 | 备注 |
| 1 | 1023005 | 210230052 | 第二样本阅览室/ [索取号:O174.13/224] | 在馆 | |
| 2 | 1023006 | 210230061 | 数信系资料室/ [索取号:O174.13/224] | 在馆 | |
| 3 | 1023007 | 210230070 | 第三借阅区/ [索取号:O174.13/224] | 在馆 | |
| 4 | 1023008 | 210230089 | 第三借阅区/ [索取号:O174.13/224] | 在馆 | |
| 5 | 1023009 | 210230098 | 第三借阅区/ [索取号:O174.13/224] | 在馆 |